000 00691nam a2200241Ia 4500
003 OSt
005 20220926001104.0
006 a|||||r|||| 00| 0
007 ta
008 220923b |||||||| |||| 00| 0 eng d
037 _cGeneral Book
040 _aRTL
_cRTL
_beng
041 _2eng
_aeng
082 _aY5926:47.212.N25, M0
100 _aRavindran T K
_998600
245 0 _aEight furlong of freedom
260 _a New Delhi
_bLight and Life Publishers
_c1980
300 _av, 372p
_ccm.
500 _aAppendix: p 3-211-364
650 _aScheduled Castes Tribes
942 _hY5926:47.212.N25, M0
_cGB
_2CC
999 _c600419
_d600419